Statistics for Every 2 Chainz Song on the Billboard Hot 100

Click here to take the quiz!

General Stats

  • This quiz has been taken 54 times
    (34 since last reset)
  • The average score is 15 of 39

Answer Stats

#YearSong% Correct
5520174 AM ft. Travis Scott
75%
132012Mercy (Kanye West, Big Sean & Pusha T)
75%
242012No Lie ft. Drake
75%
472012Birthday Song ft. Kanye West
65%
702017Good Drank (Gucci Mane & Quavo)
65%
272013I'm Different
65%
442017It's A Vibe ft. Ty Dolla $ign, Trey Songz & Jhene Aiko
65%
32014Talk Dirty (Jason Derulo)
60%
802012Yuck! ft. Lil Wayne
60%
662013Feds Watching (Pharrell Williams)
55%
1002019Momma I Hit A Lick ft. Kendrick Lamar
55%
82013F**kin Problems (A$AP Rocky) ft. Drake & Kendrick Lamar
50%
752019Whip ft. Travis Scott
50%
8220153500 (Travis Scott) ft. Future
45%
532018Bigger > You (Drake & Quavo)
45%
712016Champions (Kanye West, Gucci Mane, Big Sean, Travis Scott, Yo Gotti, Quavo & Desiigner)
40%
382013Rich As F**k (Lil Wayne)
40%
162013We Own It (Fast & Furious) (Wiz Khalifa)
40%
642016Watch Out
35%
202013All Me (Drake) ft. Big Sean
30%
292012Bandz A Make Her Dance (Juicy J) ft. Lil Wayne
30%
482012Beez In The Trap (Nicki Minaj)
30%
162018Big Bank (YG) ft. Big Sean & Nicki Minaj
30%
942013I Do It ft. Drake & Lil Wayne
30%
432016No Problem (Chance The Rapper) ft. Lil Wayne
30%
962018Proud ft. YG & Offset
30%
942019Rule The World ft. Ariana Grande
30%
362017Sacrifices (Drake) ft. Young Thug
30%
492018X (ScHoolboy Q & Saudi)
30%
1002016Gotta Lotta ft. Lil Wayne
25%
892012My Moment (DJ Drama) ft. Meek Mill & Jeremih
25%
532014HeadBand (B.o.B)
20%
902015Hood Go Crazy (Tech N9Ne) ft. B.o.B
20%
582013R.I.P. (Jeezy)
20%
85201424 Hours (TeeFLii)
15%
862014Burnin' Up (Jessie J)
15%
492014Cut Her Off (KCamp)
15%
892013My Story (R. Kelly)
15%
902014U Guessed It (OG Maco)
15%

Score Distribution

Percentile by Number Answered

Percent of People with Each Score

Your Score History

You have not taken this quiz since the last reset